超人大頭貼

資料類型: Book 圖書   書目號:35556

Leader xxxxxxxxxx
001 __ PCLIS00035556
005 __ 20220211171011.0
010 0_ |a957-13-4336-6|b平裝|dNT$230
100 __ |a20051007d2005    m  y0chiy09      e
101 0_ |achi
102 __ |atw
105 __ |aa   z   000cy
200 1_ |a超人大頭貼|f火星爺爺文.圖
205 __ |a初版
210 __ |a臺北市|c時報文化|d2005[民94]
215 0_ |a152, [1]面|c彩圖|d21公分
225 1_ |a作家作品集系列|v35
300 __ |a著者本名為許榮宏
300 __ |a作者號由t038取自"火星爺爺"四角號碼,由t561改取自作者本名
681 __ |a855|b8462
681 __ |a855|b9688 88
700 _0 |a火星爺爺|f1966- |4770 _1 |a|b榮宏|f1966- |4801 _0 |atw|b內湖高中|c20051007|gCCR
詳細館藏(共 1 筆)
索 書 號登 錄 號冊次號館別 / 館藏地流通類型狀態加入預約清單電子資源
855 / 8462 1015118  圖書館 / 一樓普通區 可外借30天 在館   

| 條列資料




目錄查詢 分類查詢 個人資料 圖書薦購 新書查詢 閉館日 排行榜 更多電子資源 Hami書城 線上資料庫 登出

From : 216.73.216.116

  本日流通累計至 19:04:48 借閱 : 9 次 續借 : 0 次 歸還 : 10 次 預約 : 0 次 電子資源 : 0 次


內湖高中圖書館  PCLIS 版本  25.5.0.2